A bolondos fergeteg

Bibliographic Details
Main Author: Kuchta, Ladislav, 1927-1982 (Author)
Other Authors: Vércse, Miklós (Translator)
Format: Article
Language:Hungarian
Slovak
Subjects:

MARC

LEADER 00000nab a2200000 a 4500
001 vtls000428544
003 SK-MaSNL
005 20260303001935.0
008 160202c1991 xo 0 hun
015 |a SNBRB19rr/mm-uuuuu 
035 |a CL0428672 
040 |a SNKBUCL  |b slo  |c SNKBUCL  |e AACR2 
041 0 |a slo 
044 |a xo  |c SK 
080 |a 885.4-3(087.5)=945.11  |2 1981 
100 1 |a Kuchta, Ladislav,  |d 1927-1982  |4 aut  |9 102027 
245 1 0 |a A bolondos fergeteg  |c Ladislav Kuchta ; Miklós Vércse 
650 0 7 |a rozprávky autorské  |2 snkbucl  |9 315429 
655 7 |a články z novín a časopisov  |2 snkbucl  |9 267496 
655 7 |a články z odboru literárna veda a krásna literatúra  |2 snkbucl  |9 770045 
700 1 |a Vércse, Miklós  |4 trl  |9 9424 
773 0 |t A Hét  |g Roč. 36, č. 11 (1991), s. 27 
850 |a Slovenská národná knižnica v Martine  |a MTA001 
852 |a SNK  |b KIS3GCP 
958 |a RK 
958 |a HU 
958 |a LX 
992 |a RBX 
999 |c 1565607  |d 1567537